| 000 | 00346nam a2200133Ia 4500 | ||
|---|---|---|---|
| 008 | 150201s2006 xx 000 0 und d | ||
| 082 |
_a614.1 _bS06A |
||
| 100 | _aAGGRAWAL, A | ||
| 245 | _aSELF ASSISMENT & R. OF FORENSIC MEDICINE AND TOXICOLOGY | ||
| 250 | _a1ST | ||
| 260 |
_bPEEPEE _aDELHI _c2006 |
||
| 650 | _aFORENSIC MEDICINE | ||
| 942 |
_2ddc _cBK |
||
| 999 |
_c644 _d644 |
||